Príprava tiokyanátokomplexov železa s derivátmi pyridínu

Enregistré dans:
Détails bibliographiques
Auteur principal: Brienik, Michal
Format: Logiciel Livre
Langue:slovaque
Publié: Bratislava STU FCHPT 2010
Accès en ligne:Voir à l'OPAC
Tags: Ajouter un tag
Pas de tags, Soyez le premier à ajouter un tag!

MARC

LEADER 00000nam a2200000 a 4500
005 20260127134133.0
007 co ugu
008 101020 2010 xo 000 0 slo d
035 |a vtls010181006 
039 9 |y 201010201043  |z mschk03 
040 |a STUSCHK1  |b slo  |c STUSCHK1  |e AACR2 
100 1 |a Brienik, Michal 
245 1 |a Príprava tiokyanátokomplexov železa s derivátmi pyridínu  |c Michal Brienik 
260 |a Bratislava  |b STU FCHPT  |c 2010 
300 |a 1 elektronický disk 
500 |a Obháj.: 12.7. 2010 
500 |a Študijný program: chémia a medicínska chémia 
500 |a Študijný odbor: 4.1.14 chémia 
500 |a Bakalárska práca na CD-ROMe 
500 |a FCHPT, Oddelenie anorganickej chémie 
500 |a Evidenčné číslo: 5427-40183 
910 |a SCHK95 
999 |c 4935  |d 4935